000 00628nam a2200205 a 4500
001 000016649
005 20200929164937.0
008 100308s1974 dr 001 0 spa d
040 _aDO-SdBNP
_bspa
_cBNPHU
082 _a460.097293
_bC744i
100 1 _aConcepción, J. Agustín
_922539
245 1 0 _aIdioma nuestro de cada día /
_cJ. Agustín Concepción.
260 _aSanto Domingo :
_bTaller,
_c1974.
300 _a140 p. ;
_c21 cm.
490 1 _aBiblioteca Taller
_vv. 37
500 _aIncluye índice alfabético
650 4 _aEspañol
_bHISTORIA
_936992
830 0 _aBiblioteca Taller
_nno. 37
_936993
049 _aBNPD
999 _c16182
_d16182